[Event "DVM U14w 2014"]
[Site "Regensburg GER"]
[Date "2014.12.28"]
[Round "3"]
[White "ter Stal, Esther"]
[Black "Reinecke, Katharina"]
[Result "0-1"]
[Termination "normal"]
[Board "3.2"]
[WhiteElo "1482"]
[BlackElo "1671"]
[WhiteTeam "SK Nordhorn-Blanke"]
[BlackTeam "SK Langen"]
[PlyCount "108"]
[WhiteFideId "12944467"]
[BlackFideId "12929727"]
[EventCountry "GER"]
[EventRounds "7"]
[EventType "team-swiss"]
[EventDate "2014.12.26"]

1. d4 d5 2. Nf3 Nf6 3. e3 g6 4. Nbd2 Bg7 5. Bd3 O-O 6. O-O Nbd7 7. c3 c5 8. Qe2
b6 9. Bc2 Bb7 10. b3 Rc8 11. Bd3 Qc7 12. Ba3 Rfe8 13. Rac1 e5 14. dxe5 Ng4 15.
e6 fxe6 16. c4 Qd6 17. Rfd1 Rf8 18. cxd5 exd5 19. h3 Nge5 20. Bb5 Kh8 21. Nxe5
Nxe5 22. Nc4 Qe6 23. Nxe5 Qxe5 24. Rd2 Qg5 25. Ba6 Bxa6 26. Qxa6 d4 27. Re2
dxe3 28. Rxe3 Bd4 29. Re2 Qf5 30. Bb2 Bxb2 31. Rxb2 Qd7 32. Re1 Rce8 33. Qf1
Rxe1 34. Qxe1 Re8 35. Re2 Rxe2 36. Qxe2 Kg7 37. Kf1 Qf5 38. Qe7+ Qf7 39. Qxf7+
Kxf7 40. Ke2 Ke6 41. Ke3 Kd5 42. Kd3 b5 43. g4 h6 44. f4 c4+ 45. bxc4+ bxc4+
46. Kc3 Ke4 47. g5 h5 48. Kxc4 Kxf4 49. Kb5 Kg3 50. Ka6 Kxh3 51. Kxa7 Kg4 52.
Kb8 h4 53. a4 h3 54. a5 h2 0-1

[Event "DVM U14w 2014"]
[Site "Regensburg GER"]
[Date "2014.12.28"]
[Round "3"]
[White "Flach, Helene"]
[Black "Hallfarth, Freya"]
[Result "1-0"]
[Termination "normal"]
[Board "3.3"]
[WhiteElo "1667"]
[BlackElo "1125"]
[WhiteTeam "SK Langen"]
[BlackTeam "SK Nordhorn-Blanke"]
[PlyCount "93"]
[WhiteFideId "12929735"]
[BlackFideId "12981168"]
[EventCountry "GER"]
[EventRounds "7"]
[EventType "team-swiss"]
[EventDate "2014.12.26"]

1. e4 e6 2. d4 d5 3. exd5 exd5 4. Bd3 Bd6 5. Ne2 Ne7 6. Bf4 Be6 7. O-O c6 8. c3
Qc7 9. Bxd6 Qxd6 10. Ng3 Nd7 11. Nd2 O-O-O 12. a4 f6 13. b4 g5 14. b5 Kb8 15.
Qb1 h5 16. Nb3 Qc7 17. Re1 Qd6 18. Na5 Nb6 19. Qb2 h4 20. Nf1 f5 21. Nd2 f4 22.
Nf3 cxb5 23. Nxg5 Rh6 24. Qe2 f3 25. Qxf3 Rg8 26. Nxe6 Rxe6 27. Rxe6 Qxe6 28.
Qf4+ Kc8 29. Qxh4 Nxa4 30. Bxb5 Nxc3 31. Rc1 Kb8 32. Qf4+ Ka8 33. Qc7 Rb8 34.
Qxc3 Rc8 35. Qb2 a6 36. Rxc8+ Nxc8 37. Bf1 Qb6 38. Qc3 Nd6 39. h4 Nf5 40. Qc8+
Ka7 41. Qxf5 Qxa5 42. h5 Qd8 43. h6 Qh8 44. h7 b5 45. Qf7+ Kb6 46. Qg8 Qxg8 47.
hxg8=Q 1-0

[Event "DVM U14w 2014"]
[Site "Regensburg GER"]
[Date "2014.12.28"]
[Round "3"]
[White "Wolterink, Jule"]
[Black "Buchholz, Maja"]
[Result "1-0"]
[Termination "normal"]
[Board "3.4"]
[WhiteElo "1008"]
[BlackElo "729"]
[WhiteTeam "SK Nordhorn-Blanke"]
[BlackTeam "SK Langen"]
[PlyCount "87"]
[WhiteFideId "12981206"]
[BlackFideId "16200500"]
[EventCountry "GER"]
[EventRounds "7"]
[EventType "team-swiss"]
[EventDate "2014.12.26"]

1. c4 {[%emt 0:00:00]} e5 2. Nc3 Nf6 3. g3 Nc6 4. Bg2 Bc5 5. d3 h6 6. Bd2 d6 7.
Nf3 O-O 8. O-O Qe8 9. e3 Bg4 10. a3 a6 11. b4 Ba7 12. Qb3 Bxf3 13. Bxf3 Rd8 14.
a4 a5 15. b5 e4 16. Nxe4 Nxe4 17. Bxe4 Bb6 18. bxc6 bxc6 19. Bc3 Qd7 20. Bb2
Rfe8 21. Qc3 Kf8 22. Qxg7+ Ke7 23. Qf6+ Kf8 24. Bf5 Qxf5 25. Qxf5 d5 26. cxd5
Rxd5 27. Qf6 Re6 28. Ba3+ Ke8 29. Qc3 Ree5 30. Qxc6+ Kd8 31. Bb2 Rg5 32. Bf6+
Kc8 33. Bxg5 Rxg5 34. Rab1 Bc5 35. Rb5 Ba3 36. Rxg5 hxg5 37. Ra1 Bb2 38. Rb1
Ba3 39. Rc1 Bxc1 40. Qxc1 Kd8 41. Kg2 f6 42. Qc5 Kc8 43. Qxa5 Kb7 44. h4 { Rest
der Partie nicht rekonstruierbar} 1-0

[Event "DVM U14w 2014"]
[Site "Regensburg GER"]
[Date "2014.12.28"]
[Round "3"]
[White "Riegel, Arinna"]
[Black "Kublanov, Elizabeth"]
[Result "1-0"]
[Termination "normal"]
[Board "4.1"]
[WhiteElo "1674"]
[BlackElo "1363"]
[WhiteTeam "SF Sasbach"]
[BlackTeam "SG Solingen"]
[PlyCount "93"]
[WhiteFideId "12931446"]
[BlackFideId "12944564"]
[EventCountry "GER"]
[EventRounds "7"]
[EventType "team-swiss"]
[EventDate "2014.12.26"]

1. e4 {[%emt 0:00:00]} e5 2. Nf3 Nc6 3. d4 exd4 4. Nxd4 Bc5 5. Be3 Nxd4 6. Bxd4
Bxd4 7. Qxd4 Qf6 8. e5 Qg6 9. c3 Ne7 10. Nd2 O-O 11. Qe4 Qxe4+ 12. Nxe4 b6 13.
O-O-O Nc6 14. f4 Rd8 15. Bb5 Bb7 16. Rhe1 a6 17. Ba4 b5 18. Bc2 Na5 19. g3 d5
20. exd6 cxd6 21. Nxd6 Bf3 22. Rd3 Bg4 23. Rde3 g6 24. Re8+ Kg7 25. Rxd8 Rxd8
26. Ne8+ Kf8 27. Nf6 Be6 28. Nxh7+ Kg7 29. Ng5 Bxa2 30. Nf3 Nc4 31. b3 a5 32.
bxc4 Bxc4 33. Nd4 b4 34. Nc6 Rd5 35. cxb4 axb4 36. Nxb4 Rb5 37. Nd3 Rd5 38. Ne5
Bb5 39. Rd1 Rc5 40. Kb2 Be2 41. Rd7 Rb5+ 42. Kc1 Bh5 43. g4 Rxe5 44. fxe5 Bxg4
45. Rc7 g5 46. Bb3 Kg6 47. Rxf7 1-0

[Event "DVM U14w 2014"]
[Site "Regensburg GER"]
[Date "2014.12.28"]
[Round "3"]
[White "Berelowitsch, Dana"]
[Black "Ehmann, Johanna"]
[Result "0-1"]
[Termination "normal"]
[Board "4.2"]
[WhiteElo "1324"]
[BlackElo "1563"]
[WhiteTeam "SG Solingen"]
[BlackTeam "SF Sasbach"]
[PlyCount "94"]
[WhiteFideId "12977144"]
[BlackFideId "12953130"]
[EventCountry "GER"]
[EventRounds "7"]
[EventType "team-swiss"]
[EventDate "2014.12.26"]

1. e4 e5 2. Nf3 Nc6 3. Bb5 a6 4. Bxc6 dxc6 5. d4 exd4 6. Qxd4 Qxd4 7. Nxd4 Bd7
8. O-O O-O-O 9. Nc3 Nf6 10. Bg5 Bc5 11. Nf3 h6 12. Bf4 g5 13. Be5 Be7 14. Rad1
Bg4 15. h3 Bxf3 16. gxf3 Rhg8 17. Rxd8+ Rxd8 18. Rd1 Rxd1+ 19. Nxd1 Nh5 20. Nc3
Bd6 21. Bxd6 cxd6 22. Ne2 Kd7 23. Nd4 Nf4 24. Kh2 Ne6 25. Nxe6 Kxe6 26. Kg3 f5
27. c3 b5 28. b3 c5 29. a3 a5 30. exf5+ Kxf5 31. f4 gxf4+ 32. Kf3 d5 33. Ke2 d4
34. cxd4 cxd4 35. Kd3 Ke5 36. f3 a4 37. b4 Kd5 38. h4 h5 39. Kd2 Kc4 40. Kc2
d3+ 41. Kd2 Kd4 42. Kd1 Ke3 43. Ke1 Kxf3 44. Kd2 Kg2 45. Kxd3 f3 46. Kd4 f2 47.
Kc5 f1=Q 0-1

[Event "DVM U14w 2014"]
[Site "Regensburg GER"]
[Date "2014.12.28"]
[Round "3"]
[White "Lohrmann, Tabea"]
[Black "Kublanov, Carolin"]
[Result "0-1"]
[Termination "normal"]
[Board "4.3"]
[WhiteElo "1465"]
[BlackElo "1328"]
[WhiteTeam "SF Sasbach"]
[BlackTeam "SG Solingen"]
[PlyCount "106"]
[WhiteFideId "12911941"]
[BlackFideId "12944548"]
[EventCountry "GER"]
[EventRounds "7"]
[EventType "team-swiss"]
[EventDate "2014.12.26"]

1. e4 e5 2. Nf3 Nc6 3. d4 exd4 4. Bc4 Nf6 5. e5 d5 6. Bb5 Qe7 7. O-O Ne4 8.
Nxd4 Bd7 9. Bxc6 Bxc6 10. f3 Nc5 11. Nc3 Qd7 12. b4 Ne6 13. Rb1 Be7 14. b5 Nxd4
15. Qxd4 O-O 16. bxc6 Qxc6 17. Kh1 Rad8 18. Rb5 Qa6 19. Qd3 c5 20. a4 d4 21.
Ne4 b6 22. Qc4 d3 23. c3 Rd7 24. e6 Rdd8 25. exf7+ Rxf7 26. Bg5 Qb7 27. Re1 Kf8
28. Nd6 Rxd6 29. Bxe7+ Rxe7 30. Qf4+ Rf6 31. Qd2 Rxe1+ 32. Qxe1 Qe7 33. Qxe7+
Kxe7 34. Rb2 Rf4 35. Ra2 Rf5 36. Kg1 c4 37. Kf2 Re5 38. g4 a6 39. f4 Re6 40. h4
Kf7 41. f5 Re5 42. Rb2 b5 43. a5 g6 44. fxg6+ Kxg6 45. Rd2 h6 46. Kf3 Re1 47.
Kf4 Rc1 48. g5 hxg5+ 49. hxg5 Rg1 50. Ke5 Rxg5+ 51. Kd6 Kf5 52. Rd1 Ke4 53.
Re1+ Kf3 0-1

[Event "DVM U14w 2014"]
[Site "Regensburg GER"]
[Date "2014.12.28"]
[Round "3"]
[White "Möller, Laura"]
[Black "Schneider, Katharina"]
[Result "1-0"]
[Termination "normal"]
[Board "4.4"]
[WhiteElo "1387"]
[BlackElo "1153"]
[WhiteTeam "SG Solingen"]
[BlackTeam "SF Sasbach"]
[PlyCount "51"]
[WhiteFideId "12911720"]
[BlackFideId "16200519"]
[EventCountry "GER"]
[EventRounds "7"]
[EventType "team-swiss"]
[EventDate "2014.12.26"]

1. c4 {[%emt 0:00:00]} c5 2. Nc3 Nc6 3. g3 Nf6 4. Bg2 e5 5. Nf3 Be7 6. O-O O-O
7. e3 d5 8. cxd5 Nxd5 9. d4 exd4 10. exd4 Be6 11. Re1 Nc7 12. Be3 c4 13. Ne5 f6
14. Nxc6 bxc6 15. Bxc6 Rb8 16. Rb1 Qd6 17. Bg2 Nd5 18. Nxd5 Bxd5 19. Bf4 Qc6
20. Bxd5+ Qxd5 21. Bxb8 Rxb8 22. Rxe7 Ra8 23. Qg4 g6 24. Qh4 Kf8 25. Qxf6+ Qf7
26. Qxf7# 1-0

[Event "DVM U14w 2014"]
[Site "Regensburg GER"]
[Date "2014.12.28"]
[Round "3"]
[White "Fuchs, Joline"]
[Black "Schilay, Eva"]
[Result "0-1"]
[Termination "normal"]
[Board "5.2"]
[WhiteElo "1416"]
[BlackElo "1464"]
[WhiteTeam "USG Chemnitz"]
[BlackTeam "SK Neumarkt"]
[PlyCount "106"]
[WhiteFideId "12964506"]
[BlackFideId "12930164"]
[EventCountry "GER"]
[EventRounds "7"]
[EventType "team-swiss"]
[EventDate "2014.12.26"]

1. g3 d5 2. Bg2 Bf5 3. c4 e6 4. Nc3 Nf6 5. Nf3 Nc6 6. Qa4 Qd7 7. a3 Bd6 8. O-O
O-O 9. Nh4 Bg4 10. e3 Be7 11. Nf3 Rfd8 12. d4 dxc4 13. Qxc4 Na5 14. Qa2 Nc6 15.
Ne5 Nxe5 16. dxe5 Nd5 17. f3 Bh5 18. Rd1 Qc6 19. Nxd5 Rxd5 20. Rxd5 Qxd5 21.
Qxd5 exd5 22. Bd2 c6 23. Rc1 Rd8 24. Bc3 b6 25. Kf2 c5 26. Rd1 Kf8 27. Rd2 Bg6
28. f4 Be4 29. Bxe4 dxe4 30. Rxd8+ Bxd8 31. Ke2 Ke7 32. f5 g6 33. f6+ Ke6 34.
g4 Bc7 35. h4 Bxe5 36. Bxe5 Kxe5 37. Kd2 Kxf6 38. Ke2 Ke5 39. b3 f5 40. g5 f4
41. exf4+ Kxf4 42. Kf2 Kg4 43. Ke3 Kxh4 44. Kxe4 Kxg5 45. Kd5 h5 46. Kc6 h4 47.
Kb7 h3 48. Kxa7 b5 49. Kb6 c4 50. a4 cxb3 51. a5 h2 52. a6 h1=Q 53. a7 b2 0-1

[Event "DVM U14w 2014"]
[Site "Regensburg GER"]
[Date "2014.12.28"]
[Round "3"]
[White "Schilay, Maria"]
[Black "Wienhold, Nadine"]
[Result "1-0"]
[Termination "normal"]
[Board "5.3"]
[WhiteElo "1234"]
[BlackElo "1391"]
[WhiteTeam "SK Neumarkt"]
[BlackTeam "USG Chemnitz"]
[PlyCount "155"]
[WhiteFideId "12942979"]
[BlackFideId "12964514"]
[EventCountry "GER"]
[EventRounds "7"]
[EventType "team-swiss"]
[EventDate "2014.12.26"]

1. e4 c5 2. Nc3 Nc6 3. g3 g6 4. Bg2 Bg7 5. d3 e6 6. Be3 b6 7. Qd2 Nge7 8. Nge2
Bb7 9. Bh6 O-O 10. h4 d5 11. h5 f6 12. hxg6 hxg6 13. Bxg7 Kxg7 14. Qh6+ Kf7 15.
Bh3 Rh8 16. Qf4 Bc8 17. O-O-O e5 18. Qf3 Bxh3 19. g4 Bxg4 20. Qxg4 a6 21. Rxh8
Qxh8 22. exd5 f5 23. Qf3 Nd4 24. Nxd4 cxd4 25. Ne4 Qh6+ 26. Kb1 Rd8 27. Rh1 Qg7
28. Ng5+ Kf6 29. Ne6 Qg8 30. Nxd8 Qxd8 31. Rg1 Qxd5 32. Qxd5 Nxd5 33. Kc1 a5
34. Kd2 b5 35. Rh1 Kg7 36. c3 dxc3+ 37. bxc3 a4 38. Rb1 Nc7 39. c4 bxc4 40. Rb7
cxd3 41. Rxc7+ Kf6 42. Kxd3 e4+ 43. Ke3 g5 44. Rc6+ Ke5 45. Rc5+ Kf6 46. Rc4
Ke5 47. Rxa4 f4+ 48. Kd2 g4 49. Ra5+ Kd4 50. Ra4+ Ke5 51. Rb4 g3 52. fxg3 fxg3
53. Ke2 Kf4 54. a4 g2 55. Kf2 Ke5 56. a5 e3+ 57. Kxg2 Kd5 58. a6 Kc5 59. a7
Kxb4 60. a8=Q Kc4 61. Qa6+ Kd4 62. Qe2 Ke4 63. Qc4+ Ke5 64. Kf3 e2 65. Qxe2+
Kd4 66. Qe3+ Kd5 67. Qf4 Ke6 68. Qg5 Kf7 69. Qh6 Kg8 70. Qg6+ Kh8 71. Qa6 Kg7
72. Kf4 Kf7 73. Ke5 Ke7 74. Qe6+ Kd8 75. Qf7 Kc8 76. Kd6 Kb8 77. Kc6 Ka8 78.
Qb7# 1-0

[Event "DVM U14w 2014"]
[Site "Regensburg GER"]
[Date "2014.12.28"]
[Round "3"]
[White "Belusa, Laura Sophie"]
[Black "Held, Fabienne"]
[Result "1-0"]
[Termination "normal"]
[Board "5.4"]
[WhiteElo "1126"]
[BlackElo "1058"]
[WhiteTeam "USG Chemnitz"]
[BlackTeam "SK Neumarkt"]
[PlyCount "91"]
[WhiteFideId "12964522"]
[BlackFideId "12964670"]
[EventCountry "GER"]
[EventRounds "7"]
[EventType "team-swiss"]
[EventDate "2014.12.26"]

1. e4 e5 2. Nf3 Nc6 3. d4 Bd6 4. c3 Nf6 5. Bd3 h6 6. d5 Ne7 7. O-O Bc5 8. Be3
Bb6 9. Nxe5 d6 10. Nf3 Ng6 11. Nbd2 c6 12. c4 Ng4 13. Re1 N6e5 14. Nxe5 Nxe5
15. Nb3 Bg4 16. f3 Bh5 17. Nd4 c5 18. Nf5 Qf6 19. Rf1 Qg6 20. Kh1 Bd8 21. g4
Bxg4 22. fxg4 Nxg4 23. Rg1 Qf6 24. Rxg4 g6 25. Ng3 h5 26. Rf4 Qe5 27. Bc2 g5
28. Ba4+ Kf8 29. Rf2 h4 30. Nh5 Rg8 31. Qf3 Qe7 32. Nf6 Rg6 33. Nd7+ Kg8 34.
Raf1 Rg7 35. Bd2 g4 36. Nf6+ Kh8 37. Nxg4 Bc7 38. Bc3 Rf8 39. Bxg7+ Kxg7 40.
Nf6 Rh8 41. Rg2+ Kf8 42. Rfg1 Qe5 43. Nd7+ Ke7 44. Nxe5 Rf8 45. Nd7 Re8 46.
Qf6# 1-0

[Event "DVM U14w 2014"]
[Site "Regensburg GER"]
[Date "2014.12.28"]
[Round "3"]
[White "Schneider, Xenia"]
[Black "Jörs, Pia-Milena"]
[Result "0-1"]
[Termination "normal"]
[Board "6.1"]
[WhiteElo "1107"]
[BlackElo "1462"]
[WhiteTeam "SK Endingen"]
[BlackTeam "SG Güstrow/Teterow"]
[PlyCount "88"]
[WhiteFideId "12911984"]
[BlackFideId "12964646"]
[EventCountry "GER"]
[EventRounds "7"]
[EventType "team-swiss"]
[EventDate "2014.12.26"]

1. e4 e5 2. Nf3 Nc6 3. Bc4 Bc5 4. O-O Nf6 5. Nc3 d6 6. h3 O-O 7. d3 h6 8. Qe2
Nd4 9. Nxd4 Bxd4 10. Be3 Bxe3 11. Qxe3 c6 12. d4 Qb6 13. Rad1 Qxb2 14. dxe5
dxe5 15. Rb1 Qa3 16. Rfd1 Qe7 17. Qe2 Rb8 18. Qe3 b6 19. Bb3 Rd8 20. Rxd8+ Qxd8
21. a4 Qd4 22. Qxd4 exd4 23. e5 dxc3 24. exf6 gxf6 25. a5 b5 26. Re1 c5 27. Bd5
Bb7 28. Bxb7 Rxb7 29. Re8+ Kg7 30. Rc8 c4 31. g4 Kg6 32. Rc5 a6 33. Kg2 Re7 34.
Rc6 Re6 35. Rxe6 fxe6 36. h4 b4 37. Kf3 b3 38. Kg2 bxc2 39. h5+ Kg5 40. Kg3
c1=Q 41. f4+ Qxf4+ 42. Kg2 Kxg4 43. Kh1 Kg3 44. Kg1 Qc1# 0-1

[Event "DVM U14w 2014"]
[Site "Regensburg GER"]
[Date "2014.12.28"]
[Round "3"]
[White "Eulitz, Charlotte"]
[Black "Wagner, Lena"]
[Result "1-0"]
[Termination "normal"]
[Board "6.2"]
[WhiteElo "1482"]
[BlackElo "988"]
[WhiteTeam "SG Güstrow/Teterow"]
[BlackTeam "SK Endingen"]
[PlyCount "107"]
[WhiteFideId "12964654"]
[BlackFideId "12983470"]
[EventCountry "GER"]
[EventRounds "7"]
[EventType "team-swiss"]
[EventDate "2014.12.26"]

1. e4 {[%emt 0:00:00]} e5 2. Nf3 Nc6 3. Bc4 Bc5 4. c3 Nf6 5. d4 exd4 6. cxd4
Bb4+ 7. Bd2 Nxe4 8. Bxb4 Nxb4 9. Bxf7+ Kxf7 10. Qb3+ d5 11. Qxb4 Qd6 12. Qxd6
Nxd6 13. O-O Ne4 14. Ne5+ Ke7 15. Re1 Rf8 16. f3 Bf5 17. fxe4 Bxe4 18. Nc3 Rae8
19. Nxe4 dxe4 20. Rxe4 Kd8 21. Rae1 c6 22. Nf7+ Kd7 23. Rxe8 Rxe8 24. Rxe8 Kxe8
25. Nd6+ Kd7 26. Nxb7 Kc7 27. Nc5 Kd6 28. Kf2 Kd5 29. Ke3 Kc4 30. Ke4 a5 31.
Nd3 a4 32. Ne5+ Kb5 33. Kd3 c5 34. d5 Kb6 35. d6 Kb7 36. d7 Kc7 37. Kc4 Kd8 38.
Kxc5 Kc7 39. Kb4 a3 40. Kxa3 Kd8 41. b4 g5 42. b5 g4 43. b6 g3 44. hxg3 h5 45.
b7 Kc7 46. b8=Q+ Kxb8 47. d8=Q+ Kb7 48. Qd6 h4 49. Kb4 h3 50. gxh3 Kc8 51. Qe7
Kb8 52. Kb5 Kc8 53. Kb6 Kb8 54. Qe8# 1-0

[Event "DVM U14w 2014"]
[Site "Regensburg GER"]
[Date "2014.12.28"]
[Round "3"]
[White "Wagner, Anna"]
[Black "Maßloch, Lea"]
[Result "0-1"]
[Termination "normal"]
[Board "6.3"]
[WhiteElo "937"]
[BlackElo "1133"]
[WhiteTeam "SK Endingen"]
[BlackTeam "SG Güstrow/Teterow"]
[PlyCount "164"]
[WhiteFideId "12983489"]
[BlackFideId "12957909"]
[EventCountry "GER"]
[EventRounds "7"]
[EventType "team-swiss"]
[EventDate "2014.12.26"]

1. e4 c5 2. Nf3 Nc6 3. d4 cxd4 4. Nxd4 Nf6 5. Nxc6 bxc6 6. Bd3 e5 7. Bg5 d5 8.
O-O Be7 9. Nc3 O-O 10. Bxf6 Bxf6 11. h3 Qd6 12. exd5 cxd5 13. Nb5 Qb6 14. Qh5
g6 15. Qf3 Bb7 16. Nc3 d4 17. Nd5 Bxd5 18. Qxd5 Qxb2 19. Rab1 Qc3 20. Qc4 Qxc4
21. Bxc4 Rab8 22. Bd3 Be7 23. c4 Kg7 24. Rfe1 f6 25. Rb3 Rxb3 26. axb3 Rb8 27.
Bc2 Bc5 28. Rb1 g5 29. Kf1 h6 30. Ra1 Rb7 31. Ra5 Bb4 32. Ra4 Kf7 33. Be4 Rb8
34. Rxa7+ Be7 35. Bd5+ Kf8 36. c5 Bxc5 37. Rf7+ Ke8 38. Rxf6 Bf8 39. Re6+ Kd8
40. Rxe5 Rb5 41. Ke2 Kc7 42. Kd3 Kd6 43. Kxd4 Bg7 44. Kc4 Rc5+ 45. Kb4 Bxe5 46.
Bc4 Bd4 47. f3 Ke5 48. Ka4 Kf4 49. Bd3 Rc3 50. Ba6 Rc2 51. g4 Ra2+ 52. Kb5 Ra3
53. b4 Kxf3 54. Bb7+ Kg3 55. Kc4 Ra7 56. Kxd4 Rxb7 57. Kc5 Kxh3 58. b5 Kxg4 59.
Kc6 Rxb5 60. Kxb5 h5 61. Kc5 h4 62. Kd5 h3 63. Ke5 h2 64. Kd4 h1=Q 65. Ke5 Qe1+
66. Kd5 Kf5 67. Kd4 Qe4+ 68. Kc3 Qd5 69. Kc2 Ke4 70. Kc3 Ke3 71. Kc2 Ke2 72.
Kc3 Qd3+ 73. Kb4 g4 74. Kc5 g3 75. Kb4 g2 76. Kc5 g1=R 77. Kb4 Rg4+ 78. Kc5
Qf5+ 79. Kd6 Rg6+ 80. Ke7 Qf6+ 81. Kd7 Qf7+ 82. Kd8 Rg8# 0-1

[Event "DVM U14w 2014"]
[Site "Regensburg GER"]
[Date "2014.12.28"]
[Round "3"]
[White "Rudolph, Eva"]
[Black "Hartmann, Jasmin"]
[Result "1-0"]
[Termination "normal"]
[Board "7.1"]
[WhiteElo "1278"]
[BlackElo "1217"]
[WhiteTeam "Düsseldorfer SK"]
[BlackTeam "SV 1926 Riegelsberg"]
[PlyCount "69"]
[WhiteFideId "16200594"]
[BlackFideId "12988898"]
[EventCountry "GER"]
[EventRounds "7"]
[EventType "team-swiss"]
[EventDate "2014.12.26"]

1. e4 e6 2. d4 b6 3. Bd3 Bb7 4. Nf3 Be7 5. O-O d6 6. Qe2 Qd7 7. Bf4 Nf6 8. Nbd2
Nc6 9. c3 O-O-O 10. a4 h5 11. b4 e5 12. Be3 g5 13. Nxg5 Bf8 14. a5 Bh6 15. Ndf3
Ng4 16. Bd2 f6 17. Nh3 Rdg8 18. axb6 Ne3 19. fxe3 Qxh3 20. Kh1 Qg4 21. d5 Ne7
22. bxa7 Ba8 23. Rf2 f5 24. exf5 Nxd5 25. Bc4 e4 26. Nd4 Kd7 27. f6 Rg6 28. f7
Nf6 29. Be6+ Qxe6 30. Nxe6 Kxe6 31. Qc4+ d5 32. Qxc7 Rh7 33. Qc8+ Ke7 34. Ra6
Nd7 35. Qe8# 1-0

[Event "DVM U14w 2014"]
[Site "Regensburg GER"]
[Date "2014.12.28"]
[Round "3"]
[White "Weiten, Anna"]
[Black "Kogan, Dina Rachel"]
[Result "1-0"]
[Termination "normal"]
[Board "7.2"]
[WhiteElo "1222"]
[BlackElo "1229"]
[WhiteTeam "SV 1926 Riegelsberg"]
[BlackTeam "Düsseldorfer SK"]
[PlyCount "77"]
[WhiteFideId "12938203"]
[BlackFideId "16200608"]
[EventCountry "GER"]
[EventRounds "7"]
[EventType "team-swiss"]
[EventDate "2014.12.26"]

1. e4 e5 2. Nf3 d6 3. Bc4 Be7 4. Nc3 Nf6 5. d3 O-O 6. Bg5 c6 7. Qd2 Re8 8. h3
d5 9. exd5 cxd5 10. Bxf6 dxc4 11. Bxe5 Bg5 12. Qe2 Nc6 13. d4 Be6 14. O-O Nxe5
15. Qxe5 f6 16. Qb5 Qe7 17. d5 Bd7 18. Qxc4 Qf7 19. Rad1 Qg6 20. Qd3 Bf5 21.
Qc4 Kh8 22. Nh4 Bxh4 23. Qxh4 Be4 24. Qg3 Qh6 25. Rfe1 Bf5 26. d6 Bxc2 27. d7
Red8 28. Rd4 f5 29. Qe5 Qg6 30. Qe7 h6 31. Ne2 Kh7 32. Nf4 Qg5 33. Qxg5 hxg5
34. Ne6 Rxd7 35. Rxd7 Rc8 36. Rc1 Ba4 37. Rxg7+ Kh6 38. Rxc8 g4 39. Rh8# 1-0

[Event "DVM U14w 2014"]
[Site "Regensburg GER"]
[Date "2014.12.28"]
[Round "3"]
[White "Holschuh, Nadia"]
[Black "Sokolowski, Judith"]
[Result "0-1"]
[Termination "normal"]
[Board "7.4"]
[WhiteElo "750"]
[BlackElo "1043"]
[WhiteTeam "SV 1926 Riegelsberg"]
[BlackTeam "Düsseldorfer SK"]
[PlyCount "70"]
[WhiteFideId "16200640"]
[BlackFideId "16200624"]
[EventCountry "GER"]
[EventRounds "7"]
[EventType "team-swiss"]
[EventDate "2014.12.26"]

1. e4 e5 2. Nf3 d6 3. Nc3 Be7 4. Bc4 Nf6 5. d3 O-O 6. O-O c6 7. d4 exd4 8. Nxd4
b5 9. Bxb5 cxb5 10. Ndxb5 Ba6 11. Qf3 Nbd7 12. Bf4 Ne5 13. Qg3 Bxb5 14. Nxb5
Nxe4 15. Qe3 f5 16. f3 Nc4 17. Qd4 Ncd2 18. Bxd2 Nxd2 19. Qxd2 a6 20. Nd4 d5
21. Ne6 Qb6+ 22. Nd4 Bc5 23. Rad1 Qxb2 24. c3 Qa3 25. Kh1 Bxd4 26. cxd4 Rab8
27. Rfe1 Rb2 28. Qe3 Qxa2 29. Qe7 Rxg2 30. Qe6+ Kh8 31. Qe5 f4 32. Qh5 h6 33.
Rg1 Rf2 34. Ra1 Qe2 35. Qg6 Rxh2# 0-1

[Event "DVM U14w 2014"]
[Site "Regensburg GER"]
[Date "2014.12.28"]
[Round "3"]
[White "Lederer, Leia"]
[Black "Hausmann, Sarah"]
[Result "1-0"]
[Termination "normal"]
[Board "8.1"]
[WhiteElo "1569"]
[BlackElo "1364"]
[WhiteTeam "SV Stuttgart-Wolfbusch"]
[BlackTeam "SK Gräfelfing"]
[PlyCount "71"]
[WhiteFideId "12926353"]
[BlackFideId "12972630"]
[EventCountry "GER"]
[EventRounds "7"]
[EventType "team-swiss"]
[EventDate "2014.12.26"]

1. e4 e5 2. Nf3 Nc6 3. Bb5 d6 4. Nc3 Bd7 5. d3 Nf6 6. h3 a6 7. Ba4 Be7 8. Be3
b5 9. Bb3 Na5 10. Bd5 c6 11. Bb3 Nb7 12. a3 Qc7 13. Qd2 Be6 14. Bxe6 fxe6 15.
Ng5 Nd8 16. f4 exf4 17. Bxf4 e5 18. Bh2 Qd7 19. Rf1 Ne6 20. Nxe6 Qxe6 21. Ne2
d5 22. exd5 cxd5 23. Qe3 e4 24. Nd4 Qd7 25. Nf5 O-O 26. Qg5 Bc5 27. Be5 Kh8 28.
h4 Rae8 29. d4 Bb6 30. h5 Bc7 31. h6 Rf7 32. hxg7+ Rxg7 33. Bxf6 Reg8 34. Rh1
Bd8 35. Rxh7+ Kxh7 36. Qh6# 1-0

[Event "DVM U14w 2014"]
[Site "Regensburg GER"]
[Date "2014.12.28"]
[Round "3"]
[White "Shvartsman, Kristina"]
[Black "Kobald, Jacqueline"]
[Result "1/2-1/2"]
[Termination "normal"]
[Board "8.2"]
[WhiteElo "1388"]
[BlackElo "1207"]
[WhiteTeam "SK Gräfelfing"]
[BlackTeam "SV Stuttgart-Wolfbusch"]
[PlyCount "96"]
[WhiteFideId "12983438"]
[BlackFideId "12988162"]
[EventCountry "GER"]
[EventRounds "7"]
[EventType "team-swiss"]
[EventDate "2014.12.26"]

1. e4 c5 2. Nf3 Nc6 3. d4 cxd4 4. Nxd4 Nxd4 5. Qxd4 d6 6. Nc3 Nf6 7. Be2 Bd7 8.
O-O g6 9. Kh1 Bg7 10. f4 O-O 11. Qe3 Bc6 12. Bd2 d5 13. e5 d4 14. Qd3 dxc3 15.
exf6 Bxf6 16. Bxc3 Qd5 17. Qxd5 Bxd5 18. Bxf6 exf6 19. Kg1 Rfe8 20. Bd3 Rad8
21. Rfe1 f5 22. Bb5 Re6 23. Rad1 Red6 24. Re8+ Rxe8 25. Bxe8 Kf8 26. Bxf7 Kxf7
27. c4 Ke6 28. cxd5+ Rxd5 29. Re1+ Kf7 30. Re2 h6 31. Rc2 Rd7 32. Kf2 Kf6 33.
g3 g5 34. h3 gxf4 35. gxf4 h5 36. Ke3 h4 37. Rc4 Rg7 38. Kf2 Ke6 39. Rc3 Kd5
40. Re3 Kd4 41. Re5 Rf7 42. Re3 Rg7 43. Re5 Rg3 44. Rxf5 Rxh3 45. Rh5 Ke4 46.
f5 Rf3+ 47. Ke2 h3 48. f6 Rxf6 1/2-1/2

[Event "DVM U14w 2014"]
[Site "Regensburg GER"]
[Date "2014.12.28"]
[Round "3"]
[White "Liu, Sijia Anna"]
[Black "Khamenya, Vitalia"]
[Result "0-1"]
[Termination "normal"]
[Board "8.3"]
[WhiteElo "1040"]
[BlackElo "1422"]
[WhiteTeam "SV Stuttgart-Wolfbusch"]
[BlackTeam "SK Gräfelfing"]
[PlyCount "100"]
[WhiteFideId "12989746"]
[BlackFideId "12959260"]
[EventCountry "GER"]
[EventRounds "7"]
[EventType "team-swiss"]
[EventDate "2014.12.26"]

1. e4 c5 2. Nf3 e6 3. d4 cxd4 4. Nxd4 a6 5. Nc3 Qc7 6. Be3 Nf6 7. f3 b5 8. a3
Bb7 9. Bd3 Bd6 10. Qd2 Nc6 11. g3 O-O 12. O-O Nh5 13. f4 e5 14. Nb3 Ne7 15. f5
Kh8 16. Rad1 b4 17. Be2 bxc3 18. Qxd6 Qxd6 19. Rxd6 Bxe4 20. Bxh5 Nxf5 21. Rxd7
Nxe3 22. Re1 cxb2 23. Nd2 Rad8 24. Rxd8 Rxd8 25. Nb1 Bxc2 26. Rxe3 Bxb1 27. Rb3
Bg6 28. Bxg6 hxg6 29. Rxb2 e4 30. Re2 f5 31. g4 Rd3 32. Ra2 f4 33. Kf2 Rh3 34.
Kg2 Rd3 35. Kf2 Kh7 36. g5 Kg8 37. Kg2 Rf3 38. a4 Rd3 39. Kf2 Kf7 40. h4 Ke6
41. Rc2 Kf5 42. Rc1 Rd2+ 43. Ke1 Rh2 44. Kf1 Rh1+ 45. Kf2 Rxc1 46. Ke2 Rc2+ 47.
Kd1 Ra2 48. Ke1 f3 49. Kf1 e3 50. Ke1 Ra1# 0-1